Diviser chaque nombre par deux (aléatoire) - Statistiques

Statistiques générales
  • Ce quiz a été pris 1 263 fois
  • Le résultat moyen est 7 sur 10
Statistiques - réponses
Nombre Moitié % Correct
2 1
85%
46 23
81%
6 3
80%
444 222
79%
900 450
79%
62 31
78%
22 11
77%
104 52
77%
300 150
76%
82 41
76%
180 90
76%
226 113
73%
426 213
71%
214 107
70%
488 244
70%
122 61
70%
632 316
63%
94 47
63%
710 355
60%
192 96
51%
472 236
47%
874 437
46%
998 499
45%
396 198
43%
568 284
43%
774 387
28%
Aucun quiz correspondant
Distribution des résultats
% des personnes avec chaque résultat
Percentile par nombre de réponses
Votre historique - résultats
Vous n’avez pas pris ce quiz